000
00333nam a2200145Ia 4500
100
_a
Lowenberg/Edwin
650
_a
Electrical Engineering
942
_c
BK
654
_a
Electronic
245
_a
Electronic Circuits
260
_b
McGraw Hill.( Schaum''s)
_a
Singapore
_c
1983
082
_a
621.3
300
_a
274
546
_a
ENGLISH
999
_c
29962
_d
29962